Văn hoá và đời sống xã hội
Sparad:
| Huvudupphovsman: | |
|---|---|
| Materialtyp: | Bok |
| Publicerad: |
Thanh niên
1999
|
| Taggar: |
Lägg till en tagg
Inga taggar, Lägg till första taggen!
|
| Thư viện lưu trữ: | Mạng thư viện Đại học Đà Nẵng |
|---|
| LEADER | 00536nam a2200229 a 4500 | ||
|---|---|---|---|
| 001 | 000029103 | ||
| 003 | 6077 | ||
| 005 | 20171030145630.0 | ||
| 008 | 171030s1999 | ||
| 020 | |c 19000 | ||
| 040 | |a LTT | ||
| 082 | 0 | |a 306.4 |b TH-L | |
| 100 | 1 | |a Thanh Lê | |
| 245 | 0 | 0 | |a Văn hoá và đời sống xã hội |c Thanh Lê. |
| 260 | |b Thanh niên |c 1999 | ||
| OWN | |a LTT | ||
| 999 | |a From the UDN01 | ||
| TYP | |a Monograph | ||
| TYP | |a Printed language | ||
| 980 | |a Mạng thư viện Đại học Đà Nẵng | ||